| 000 | 01579nim a2200373 i 4500 | ||
|---|---|---|---|
| 001 | 197391 | ||
| 003 | ES-MaACL | ||
| 005 | 20250828062640.0 | ||
| 007 | ss lsnjlcipnne | ||
| 008 | 140525s1991 sp nnnn |||| 00| spa d | ||
| 040 |
_bspa _cES-MaACL |
||
| 100 | 1 |
_9240661 _aSantamaría, Soledad _eaut |
|
| 245 | 0 | 0 |
_aAmor contemporáneo _h[Grabación sonora] : _bpresentación de libro / _cde Soledad Santamaria ; presenta Miguel Losada |
| 260 |
_aMadrid : _bAteneo de Madrid, _c1991 |
||
| 300 |
_a1 casete (ca. 90 min) : _bson. ; _c11 cm |
||
| 490 | 1 | _3Actos culturales en el Ateneo de Madrid | |
| 518 | _aGrabado el 18 de noviembre de 1991 en el Salón de Actos del Ateneo de Madrid | ||
| 520 | _aLa conferencia se centró en la presentación del libro Amor contemporáneo, de la escritora Soledad Santamaría, una obra que reflexiona sobre las formas del amor en la sociedad actual. | ||
| 540 | _aDocumento inédito | ||
| 594 | _5Datos basados en la invitación | ||
| 610 | 2 | 0 |
_aAteneo de Madrid- _xActos culturales- _y1991- _vGrabaciones sonoras _9240452 |
| 653 | _aArchivo de la palabra | ||
| 655 | 0 |
_aConferencias _9234444 |
|
| 700 | 1 |
_974261 _aLosada, Miguel _epres |
|
| 710 | 2 |
_aAteneo de Madrid _91875 |
|
| 830 | 0 |
_aActos culturales en el Ateneo de Madrid _9240237 |
|
| 852 |
_aES-MaACL _cDEPOZ _pCinta 1 _9205734 |
||
| 852 |
_aES-MaACL _cDEPOZ _pCinta 2 _9205735 |
||
| 852 |
_aES-MaACL _cDEPOZ _pCinta 3 _9205736 |
||
| 852 |
_aES-MaACL _cDEPOZ _pCinta 4 _9205737 |
||
| 942 |
_2udc _n0 _cCINTASAUD |
||
| 999 |
_c197391 _d197391 |
||